Anomalías renales en relación con la cirugía (Record no. 25040)
[ view plain ]
| 000 -LEADER | |
|---|---|
| campo de control de longitud fija | 00751nam a2200205 i 4500 |
| 001 - NÚMERO DE CONTROL | |
| campo de control | 25040 |
| 003 - IDENTIFICADOR DE NÚMERO DE CONTROL | |
| campo de control | ES-MaACL |
| 005 - FECHA Y HORA DE LA ÚLTIMA TRANSACCIÓN | |
| campo de control | 20251013063046.0 |
| 007 - CAMPO FIJO DE DESCRIPCIÓN FÍSICA--INFORMACIÓN GENERAL | |
| campo de control de longitud fija | t| |
| 008 - DATOS DE LONGITUD FIJA--INFORMACIÓN GENERAL | |
| campo de control de longitud fija | 021220s1920 sp ||||1| spa d |
| 100 1# - ENTRADA PRINCIPAL--NOMBRE DE PERSONA | |
| Nombre de persona | Ara, Pedro, |
| Fechas asociadas al nombre | 1898-1973 |
| 9 (RLIN) | 22140 |
| 245 10 - MENCIÓN DEL TÍTULO | |
| Título | Anomalías renales en relación con la cirugía |
| Resto del título | : arteria mesentérica superior / |
| Mención de responsabilidad, etc. | por el Dr. Ara Sarriá. |
| 260 ## - PUBLICACIÓN, DISTRIBUCIÓN, ETC. | |
| Lugar de publicación, distribución, etc. | [S.l. : |
| Nombre del editor, distribuidor, etc. | s.n., |
| Fecha de publicación, distribución, etc. | 1920] |
| 300 ## - DESCRIPCIÓN FÍSICA | |
| Extensión | 9 p. : |
| Otras características físicas | il. ; |
| Dimensiones | 29 cm. |
| 500 ## - NOTA GENERAL | |
| Nota general | Trabajo publicado en el núm. 13 de Plus Ultra, Revista internacional de Ciencias Médicas. |
| 594 ## - Nota al título y mención de responsabilidad | |
| Nota al título y mención de responsabilidad | Precede al tít.: Departamento anatómico del doctor Peña. |
| 650 #4 - PUNTO DE ACCESO ADICIONAL DE MATERIA--TÉRMINO DE MATERIA | |
| Término de materia o nombre geográfico como elemento de entrada | Riñones- |
| Subdivisión general | Fisiología. |
| 9 (RLIN) | 144309 |
| 852 ## - LOCALIZACIÓN | |
| Ubicación | ES-MaACL |
| Número de control de estantería | 1585-F-19 |
| Estatus retirado | Estado de pérdida | Estado de daño | No para préstamo | Colección | Biblioteca de origen | Biblioteca actual | Ubicación en estantería | Fecha de adquisición | Fuente de adquisición | Total de préstamos | Signatura topográfica completa | Código de barras | Visto por última vez | Precio de reemplazo | Tipo de ítem Koha |
|---|---|---|---|---|---|---|---|---|---|---|---|---|---|---|---|
| Colección de folletos | Biblioteca del Ateneo de Madrid | Biblioteca del Ateneo de Madrid | Depósito folletos | 17/01/2008 | 1585-F-19 | 1025818 | 23/02/2023 | 23/02/2023 | Folleto |
